[Event "Challenge"]
[Site "http://www.queenalice.com/game.php?id=1196284"]
[Date "2013.7.2"]
[Round "-"]
[White "Nefelibatas"]
[Black "dimitridruloza2012"]
[Result "0-1"]
[WhiteElo "1458"]
[BlackElo "1706"]

1. e4 e5 2. Nf3 d6 3. d4 Nc6 4. d5 Nce7 5. Be2 Nf6 6. b3 Nxe4 7. c4 Bf5 8. Nbd2
Nc3 9. O-O Nxd1 10. Rxd1 g6 11. Ng5 Bg7 12. f3 Bh6 13. Nge4 Bg7 14. Nf1 Qd7 15.
g4 Bxe4 16. fxe4 O-O-O 17. Be3 a6 18. a4 h5 19. h3 hxg4 20. Bxg4 f5 21. Bf3 Rxh3
22. Kg2 Rhh8 23. Nh2 Bh6 24. Rd3 Ng8 25. Kf2 Bxe3+ 26. Rxe3 Rxh2+ 27. Bg2 Qh7
0-1

[Event "Challenge"]
[Site "http://www.queenalice.com/game.php?id=1196851"]
[Date "2013.7.4"]
[Round "-"]
[White "vigusmao"]
[Black "Nefelibatas"]
[Result "1-0"]
[WhiteElo "2040"]
[BlackElo "1460"]

1. d4 d5 2. c4 c6 3. Nf3 dxc4 4. e4 b5 5. a4 Ba6 6. b3 cxb3 7. Nc3 b4 8. Bxa6
bxc3 9. Bb7 c2 10. Qd2 Nd7 11. Bxa8 Qxa8 12. Qb4 Qb8 13. Qxb8+ Nxb8 14. O-O Na6
15. Ra3 Nf6 16. Nd2 e6 17. Rxb3 Be7 18. Rb7 O-O 19. Rxe7 Rd8 20. Rxa7 Nb4 21.
Rb7 Nd3 22. a5 Ra8 23. a6 g6 24. a7 Kg7 25. Nc4 Nxe4 26. Nb6 Rd8 27. Rb8 Rxb8
28. axb8=Q Nxc1 29. Rxc1 Nc3 30. Rxc2 Nd5 31. Nd7 Nf6 32. Qf8# 1-0

[Event "Challenge"]
[Site "http://www.queenalice.com/game.php?id=1196965"]
[Date "2013.7.4"]
[Round "-"]
[White "Nefelibatas"]
[Black "Justiceseeker"]
[Result "0-1"]
[WhiteElo "1468"]
[BlackElo "1669"]

1. e4 e5 2. Nf3 Nc6 3. d4 d5 4. exd5 Qxd5 5. c3 Bg4 6. Be2 O-O-O 7. c4 Qe4 8. d5
Nd4 9. Nbd2 Bb4 10. O-O Nxe2+ 11. Kh1 Bxd2 12. Nxd2 Nxc1 13. Qxc1 Qg6 14. f3 Bf5
15. a4 Nf6 16. g4 Bd7 17. Qc3 h5 18. h3 hxg4 19. Rg1 Rxh3+ 20. Kg2 gxf3+ 21. Kf2
Ne4+ 22. Nxe4 Qxe4 23. Rge1 Rh2+ 24. Kf1 Bh3+ 25. Kg1 f2+ 26. Kxh2 Qg2# 0-1

[Event "Challenge"]
[Site "http://www.queenalice.com/game.php?id=1198616"]
[Date "2013.7.10"]
[Round "-"]
[White "vigusmao"]
[Black "Nefelibatas"]
[Result "1-0"]
[WhiteElo "2053"]
[BlackElo "1452"]

1. d4 d5 2. c4 e6 3. Nc3 Nf6 4. Bg5 Be7 5. e3 Ne4 6. Nxe4 dxe4 7. Bf4 Bb4+ 8.
Ke2 O-O 9. a3 Be7 10. Qc2 f5 11. f3 b6 12. fxe4 fxe4 13. Qxe4 c6 14. Nf3 a5 15.
h4 Ba6 16. Kf2 Bc8 17. Bd3 g6 18. h5 Rf5 19. Bxb8 Rxb8 20. Qg4 Rg5 21. Nxg5 Bxg5
22. hxg6 e5 23. Qe4 Qf8+ 24. Ke2 h6 25. Raf1 Qe8 26. g7 Kxg7 27. Qh7# 1-0

[Event "Challenge"]
[Site "http://www.queenalice.com/game.php?id=1201152"]
[Date "2013.7.19"]
[Round "-"]
[White "dimitridruloza2012"]
[Black "Nefelibatas"]
[Result "0-1"]
[WhiteElo "1638"]
[BlackElo "1461"]

1. d4 d5 2. e3 e6 3. Nc3 Nc6 4. Bb5 Bd7 5. Nf3 f5 6. Qe2 Nf6 7. O-O Bd6 8. Ng5
Qe7 9. Qf3 Ne4 10. Ngxe4 fxe4 11. Qh5+ g6 12. Qh6 Qf8 13. Qg5 Be7 14. Qg4 Qf5
15. Qe2 O-O 16. a4 a6 17. Bxc6 Bxc6 18. Bd2 Bd7 19. b3 e5 20. Nxd5 Bd6 21. Ba5
b6 22. Bb4 Bxb4 23. Nxc7 Ra7 24. Nd5 Bd6 25. Nxb6 Be6 26. c4 exd4 27. Rad1 d3
28. Qb2 Bc7 29. Nd5 Bxd5 30. cxd5 Qxd5 31. g3 Rb7 32. b4 Rfb8 33. Qf6 Rxb4 34.
Qxa6 Ra8 35. Qf6 Rbxa4 36. h4 Be5 37. Qg5 Ra2 38. h5 R2a6 39. Qe7 Bg7 40. Rc1
R6a7 41. Qb4 Rb7 42. Qd2 Qxh5 43. f4 Qf5 44. Ra1 Rba7 45. Rxa7 Rxa7 46. Qb4 Ra1
47. Qb8+ Qf8 48. Qd6 Qxd6 0-1

[Event "Challenge"]
[Site "http://www.queenalice.com/game.php?id=1207699"]
[Date "2013.8.13"]
[Round "-"]
[White "Nefelibatas"]
[Black "andrelazcano"]
[Result "0-1"]
[WhiteElo "1465"]
[BlackElo "1773"]

1. e4 e5 2. Nf3 Bd6 3. d3 h6 4. Be2 Nf6 5. O-O Nc6 6. c4 Nd4 7. Nxd4 exd4 8. a3
c5 9. Bd2 Qc7 10. b4 Bxh2+ 11. Kh1 Bf4 12. Bxf4 Qxf4 13. g3 Qg5 14. Kg2 d6 15.
Rh1 Bg4 16. Nd2 Bxe2 17. Qxe2 a6 18. Nf3 Qg6 19. Nh4 Qg4 20. Qxg4 Nxg4 21. Nf5
O-O-O 22. Nxg7 Ne5 23. Rad1 Nc6 24. Rb1 Rdg8 25. Nf5 Kd7 26. Nxh6 Rf8 27. bxc5
Na5 28. cxd6 Kxd6 29. Nf5+ Kc5 30. Rxh8 Rxh8 31. Rh1 Rxh1 32. Kxh1 Nxc4 33. g4
Nxa3 34. g5 b5 35. Nh6 b4 36. Nxf7 b3 37. g6 b2 38. g7 b1=Q+ 39. Kg2 Qb8 40. Nh6
a5 41. g8=Q Qxg8+ 42. Nxg8 a4 43. f4 Nb5 44. f5 a3 45. f6 Nd6 46. Nh6 a2 47. e5
a1=Q 48. exd6 Qa2+ 49. Kf1 Qe6 50. d7 Qxf6+ 51. Kg1 Qg7+ 52. Kf1 Qxd7 0-1

[Event "Challenge"]
[Site "http://www.queenalice.com/game.php?id=1210507"]
[Date "2013.8.22"]
[Round "-"]
[White "Nefelibatas"]
[Black "Arwan"]
[Result "0-1"]
[WhiteElo "1475"]
[BlackElo "1887"]

1. e4 e5 2. Nf3 Nc6 3. d3 h6 4. Be2 Nf6 5. c4 Bc5 6. Nc3 Qe7 7. Nh4 d6 8. Nf5
Bxf5 9. exf5 O-O-O 10. a3 Kb8 11. b4 Bb6 12. Bf3 Nd4 13. Be4 Nxe4 14. dxe4 a6
15. Ne2 Nxe2 16. Qxe2 Qf6 17. a4 g6 18. fxg6 fxg6 19. b5 Rdf8 20. bxa6 Qxf2+ 21.
Qxf2 Rxf2 22. g3 bxa6 23. a5 Bd4 24. Rb1+ Kc8 25. Rb3 g5 26. Be3 Ra2 27. Bd2
Ra1+ 28. Ke2 Rxh1 29. Be3 Rxh2+ 30. Kd3 Bxe3 31. Kxe3 h5 32. Rc3 g4 33. c5 Kd7
34. c6+ Kc8 0-1

[Event "Challenge"]
[Site "http://www.queenalice.com/game.php?id=1212785"]
[Date "2013.8.29"]
[Round "-"]
[White "Nefelibatas"]
[Black "zmanomega"]
[Result "0-1"]
[WhiteElo "1471"]
[BlackElo "1478"]

1. e4 d5 2. exd5 Qxd5 3. d4 Qe4+ 4. Ne2 Bg4 5. f3 Bxf3 6. gxf3 Qxf3 7. Rg1 e6 8.
Rg3 Qd5 9. Bg2 Qb5 10. Nbc3 Qd7 11. Bxb7 Bd6 12. Rd3 Bxh2 13. Be3 Qe7 14. Bxa8
c6 15. Qd2 Qh4+ 16. Bf2 Qd8 17. O-O-O Qf6 18. Bg1 Bd6 19. Ne4 Qd8 20. Rc3 Bb4
21. a3 Bxc3 22. Qxc3 f5 23. Ng5 Qxg5+ 24. Kb1 Ne7 25. Bh2 O-O 26. Bxb8 Rxb8 27.
Rg1 Qh6 28. Nc1 Rxa8 29. Nd3 g6 30. Qe1 g5 31. Rh1 Qf6 32. c3 a5 33. Rh2 Rb8 34.
Nc5 f4 35. Ka1 Nd5 36. Nd7 Qd8 37. Nxb8 Qxb8 38. Qxe6+ Kh8 39. Qxc6 f3 40. Rf2
Qg8 41. Rxf3 g4 0-1

[Event "Challenge"]
[Site "http://www.queenalice.com/game.php?id=1212788"]
[Date "2013.8.29"]
[Round "-"]
[White "Nefelibatas"]
[Black "YUDAO"]
[Result "0-1"]
[WhiteElo "1484"]
[BlackElo "1662"]

1. e4 e5 2. Nf3 Nc6 3. d3 g6 4. Be2 Bg7 5. O-O Nf6 6. c4 O-O 7. Nc3 d6 8. a3 a6
9. Nd5 Nd4 10. Nc3 c5 11. Nxd4 cxd4 12. Nd5 Nxd5 13. Bd2 Nf4 14. Bxf4 exf4 15.
f3 Be5 16. b4 Qd7 17. Qe1 b5 18. Rc1 f5 19. cxb5 axb5 20. Ra1 d5 21. Bd1 Bb7 22.
Bc2 Rfe8 23. Qd1 dxe4 24. dxe4 fxe4 25. fxe4 d3 26. Bxd3 Bxa1 27. Qb3+ Kf8 28.
Rxa1 Qd4+ 29. Kf1 Qxa1+ 30. Bb1 Rxa3 0-1

[Event "Challenge"]
[Site "http://www.queenalice.com/game.php?id=1212789"]
[Date "2013.8.29"]
[Round "-"]
[White "Nefelibatas"]
[Black "geopivas"]
[Result "1-0"]
[WhiteElo "1455"]
[BlackElo "1475"]

1. e4 c5 2. c4 Nc6 3. Nf3 e5 4. Nc3 Nd4 5. Nxd4 exd4 6. Nd5 d6 7. d3 h6 8. Be2
Be6 9. Bd2 Bxd5 10. cxd5 Nf6 11. O-O Be7 12. a3 O-O 13. b4 c4 14. dxc4 Nxe4 15.
Bd3 Nxd2 16. Qxd2 Bg5 17. Qc2 g6 18. c5 Re8 19. c6 bxc6 20. dxc6 Re7 21. b5 a6
22. b6 Qxb6 23. Rab1 Qd8 24. Rb2 Qe8 25. Rbb1 d5 26. g3 Re6 27. c7 Rc6 28. Qa4
Rc8 29. Rfe1 Qd7 30. Bxa6 Ra8 31. Rb8+ Rxb8 32. cxb8=Q+ Kg7 33. Bb5 Rb6 34. Qxb6
Qg4 35. Qbxd4+ Qxd4 36. Qxd4+ Bf6 37. Qxd5 h5 38. Bc4 Kh6 39. f4 Bc3 40. Qxf7
Bxe1 41. Bd3 Bf2+ 42. Kxf2 h4 43. Qxg6# 1-0

[Event "Challenge"]
[Site "http://www.queenalice.com/game.php?id=1218170"]
[Date "2013.9.19"]
[Round "-"]
[White "Nefelibatas"]
[Black "YUDAO"]
[Result "0-1"]
[WhiteElo "1472"]
[BlackElo "1715"]

1. e4 e5 2. Nf3 d6 3. d4 exd4 4. Qxd4 c5 5. Qd5 Nc6 6. Bb5 Qa5+ 7. Bd2 Qxb5 8.
b3 Be6 9. Qg5 Nf6 10. Qe3 g6 11. c4 Qb6 12. O-O Bg7 13. Nc3 O-O 14. Nd5 Bxd5 15.
exd5 Rae8 16. Qd3 Ne4 17. dxc6 Bxa1 18. Rxa1 Qxc6 19. Re1 f5 20. Bc1 Re7 21. Nd2
Rfe8 22. f3 Nxd2 23. Rxe7 Nxf3+ 24. Qxf3 Rxe7 25. Qxc6 bxc6 26. Bg5 Re2 27. a3
d5 28. Kf1 Ra2 29. cxd5 cxd5 30. a4 c4 31. bxc4 dxc4 32. Bf6 Kf7 33. Bc3 Rc2 34.
Bd4 Ke6 35. Bxa7 Ra2 0-1

[Event "Challenge"]
[Site "http://www.queenalice.com/game.php?id=1218884"]
[Date "2013.9.22"]
[Round "-"]
[White "Nefelibatas"]
[Black "Arwan"]
[Result "0-1"]
[WhiteElo "1473"]
[BlackElo "1897"]

1. e4 e5 2. Nf3 Nc6 3. Be2 Nf6 4. d3 Be7 5. c4 O-O 6. O-O d6 7. Nc3 a6 8. Nd5
Nxd5 9. cxd5 Nd4 10. Nxd4 exd4 0-1

[Event "Challenge"]
[Site "http://www.queenalice.com/game.php?id=1236578"]
[Date "2013.11.30"]
[Round "-"]
[White "Nefelibatas"]
[Black "altair"]
[Result "0-1"]
[WhiteElo "1466"]
[BlackElo "1757"]

1. e4 e5 2. Nf3 d6 3. d3 h6 4. c4 Nf6 5. Be2 Nc6 6. Nc3 Be7 7. Nd5 b6 8. Nh4 O-O
9. Nf5 Bxf5 10. Nxf6+ Bxf6 11. exf5 Qd7 12. Bg4 Nd4 13. O-O Nxf5 14. f4 g6 15.
fxe5 dxe5 16. Bxh6 Qd4+ 17. Kh1 Nxh6 18. Bf3 Rad8 19. Be2 Nf5 20. Qd2 Qh4 21.
Qe3 Nxe3 0-1

[Event "Challenge"]
[Site "http://www.queenalice.com/game.php?id=1236579"]
[Date "2013.11.30"]
[Round "-"]
[White "Nefelibatas"]
[Black "Clemente"]
[Result "1-0"]
[WhiteElo "1462"]
[BlackElo "1605"]

1. e4 e5 2. Nf3 Qf6 3. d3 Ne7 4. c4 b6 5. Be2 Bb7 6. Nc3 Nec6 7. Nd5 Qd6 8. Be3
Nd4 9. Bxd4 exd4 10. Nxd4 Bxd5 11. exd5 Qb4+ 12. Qd2 Qc5 13. Nb5 a6 14. d4 Qb4
15. Nxc7+ Kd8 16. Nxa8 Qxd2+ 17. Kxd2 1-0

[Event "mesa 33"]
[Site "http://www.queenalice.com/game.php?id=1237019"]
[Date "2013.12.2"]
[Round "-"]
[White "Herbert_Cezar"]
[Black "Nefelibatas"]
[Result "1-0"]
[WhiteElo "1823"]
[BlackElo "1484"]

1. e4 e5 2. Nf3 d6 3. Bc4 Nf6 4. Nc3 Nc6 5. d3 Nd4 6. O-O Be7 7. Bg5 Bd7 8. Bxf6
Bxf6 9. Nd5 c6 10. Nxf6+ Qxf6 11. Nxd4 exd4 12. f4 b5 13. Bb3 a5 14. e5 Qe7 15.
a3 a4 16. Ba2 O-O 17. Qe2 Bf5 18. Qf3 Rac8 19. exd6 Qxd6 20. Rae1 Rce8 21. Rxe8
Rxe8 22. Qh5 Bg6 23. Qg4 h5 24. Qg3 Bf5 25. Qf2 c5 26. Qf3 Re3 27. Qb7 Bd7 28.
Qa8+ Be8 29. Bd5 Re2 30. h3 Kf8 31. Rf2 Rxf2 32. Kxf2 Qxf4+ 33. Kg1 Qc1+ 34. Kh2
Qxc2 35. Bc6 Qe2 36. Bxe8 Qxe8 37. Qd5 Qe7 38. Qxh5 Kg8 39. Qf3 Qc7+ 40. Kg1 Qb6
41. Qa8+ Kh7 42. Qe8 Kg6 43. Qe4+ Kh6 44. Qh4+ Kg6 45. g4 f5 46. Qh5+ Kf6 47.
Qxf5+ Ke7 48. h4 Qe6 49. Qxc5+ Kf7 50. Qc7+ Qe7 51. Qxe7+ Kxe7 52. Kf2 Ke6 53.
Kf3 Ke5 54. h5 Kf6 55. Kf4 g6 56. g5+ Kf7 57. h6 Kg8 58. Ke4 1-0

[Event "Challenge"]
[Site "http://www.queenalice.com/game.php?id=1242794"]
[Date "2013.12.25"]
[Round "-"]
[White "Nefelibatas"]
[Black "YUDAO"]
[Result "1-0"]
[WhiteElo "1514"]
[BlackElo "1762"]

1. e4 e5 2. Nf3 Nc6 3. d4 d5 4. exd5 Qxd5 5. dxe5 Qxd1+ 6. Kxd1 Bg4 7. Bf4
O-O-O+ 8. Nd2 Nd4 9. Be2 Nxe2 10. Kxe2 f6 11. h3 Bxf3+ 12. gxf3 Rd4 13. Be3 Rd5
14. exf6 Nxf6 15. Rae1 h5 16. Kd1 b6 17. Kc1 Bd6 18. Kb1 h4 19. Rhg1 c5 20. c4
Rd3 21. Kc2 Rxd2+ 22. Bxd2 a5 23. Rxg7 Bf8 24. Rg6 Nd7 25. Re4 Kc7 26. Bg5 b5
27. cxb5 Bd6 28. Bxh4 Ne5 29. Rg7+ Kb6 30. a4 c4 31. Bg3 Rxh3 32. Bxe5 Bxe5 33.
Rxe5 Rh8 34. Rg6+ Kc7 35. Re7+ Kb8 36. b6 Kc8 37. b7+ Kd8 38. Rge6 1-0

[Event "OS INCLIVEIS"]
[Site "http://www.queenalice.com/game.php?id=1243614"]
[Date "2013.12.29"]
[Round "-"]
[White "adelio"]
[Black "Nefelibatas"]
[Result "0-1"]
[WhiteElo "1765"]
[BlackElo "1505"]

1. d4 d5 2. e4 dxe4 3. Nc3 Nf6 4. f3 exf3 5. Nxf3 e6 6. a3 Be7 7. Ne5 Nd5 8.
Nxf7 Kxf7 9. Qh5+ g6 10. Qf3+ Kg7 11. Nxd5 Rf8 12. Qh3 exd5 13. Qh6+ Kh8 14. Bd3
Rg8 15. h4 Qe8 16. O-O Nc6 17. Bf4 Bf8 18. Rae1 Bxh6 19. Rxe8 Rxe8 20. Bxh6 Nxd4
21. Bg5 Bf5 22. Bf6+ Kg8 23. Bxd4 Bxd3 24. cxd3 b6 25. Kh2 c5 26. Bc3 d4 27. Bd2
Rf8 28. Bf4 h6 29. g3 g5 30. hxg5 hxg5 31. Rg1 gxf4 32. gxf4+ Kf7 33. Rf1 Rg8
34. f5 Rg7 35. Rf3 Rh8+ 36. Rh3 Rgh7 37. Rxh7+ Rxh7+ 38. Kg3 Kf6 39. Kg4 Rg7+
40. Kf3 Kxf5 41. Kf2 Re7 42. b4 Kf4 43. bxc5 bxc5 44. a4 Re3 45. a5 Rxd3 46. Ke2
Ra3 47. Kd2 c4 48. Kc2 d3+ 49. Kb2 Rxa5 50. Kc3 Rc5 51. Kd2 Ke4 52. Kd1 c3 53.
Kc1 Rh5 54. Kb1 Rh2 55. Ka1 d2 56. Ka2 d1=Q+ 57. Ka3 Qb1 58. Ka4 Ra2# 0-1

[Event "Challenge"]
[Site "http://www.queenalice.com/game.php?id=1244889"]
[Date "2014.1.3"]
[Round "-"]
[White "Nefelibatas"]
[Black "brunocalixto"]
[Result "0-1"]
[WhiteElo "1529"]
[BlackElo "1664"]

1. e4 e5 2. Nf3 Nc6 3. d4 exd4 4. Nxd4 Nxd4 5. Qxd4 d6 6. Bf4 Nf6 7. e5 Nd7 8.
exd6 Bxd6 9. Bxd6 cxd6 10. Qxg7 Qe7+ 11. Be2 Rf8 12. Qxh7 Nf6 13. Qd3 Be6 14.
O-O O-O-O 15. f3 Kb8 16. Nd2 Qc7 17. b3 Nd5 18. c4 Qb6+ 19. Kh1 Ne3 20. Rfe1 Bf5
21. Ne4 Rg8 22. g4 Bxe4 23. Qxe4 Rde8 24. Qd3 f6 25. Rab1 Rg5 26. h4 Rge5 27.
Rb2 f5 28. f4 Re4 29. Bf3 Rxf4 30. Rbe2 Rxf3 31. gxf5 Rh3+ 32. Rh2 Rxh2+ 33.
Kxh2 Ng4+ 34. Kg3 Rxe1 35. Kxg4 Rg1+ 36. Kh5 Qd8 37. f6 Qh8+ 38. Qh7 Qxh7# 0-1

[Event "Challenge"]
[Site "http://www.queenalice.com/game.php?id=1244890"]
[Date "2014.1.3"]
[Round "-"]
[White "Nefelibatas"]
[Black "shady66"]
[Result "0-1"]
[WhiteElo "1482"]
[BlackElo "1751"]

1. e4 e5 2. Nf3 Nc6 3. d4 Nf6 4. d5 Nd4 5. Nxd4 exd4 6. Bd3 d6 7. O-O h6 8. c3
dxc3 9. bxc3 Be7 10. c4 c6 11. Nc3 a6 12. Bd2 Bg4 13. f3 Bd7 14. a4 O-O 15. Rb1
Rb8 16. Ra1 Nh5 17. a5 Bf6 18. Ra3 b6 19. Ne2 Be5 20. f4 Bf6 21. f5 Be5 22. axb6
Rxb6 23. Be3 c5 24. Nf4 Nxf4 25. Bxf4 Bd4+ 26. Kh1 Qf6 27. Rb3 Rfb8 28. Rxb6
Rxb6 29. g3 a5 30. Qa1 Bxa1 0-1

[Event "20"]
[Site "http://www.queenalice.com/game.php?id=1245051"]
[Date "2014.1.3"]
[Round "-"]
[White "capablanca2015"]
[Black "Nefelibatas"]
[Result "1-0"]
[WhiteElo "1884"]
[BlackElo "1516"]

1. e4 e5 2. Nf3 d6 3. Bc4 Be7 4. O-O Nf6 5. Nc3 O-O 6. d3 c5 7. Bg5 Nc6 8. Bxf6
Bxf6 9. Nd5 Nd4 10. Nxd4 cxd4 11. Qf3 Be7 12. Nxe7+ Qxe7 13. Qe2 Be6 14. b3 a6
15. Bxe6 Qxe6 16. f4 f6 17. f5 Qf7 18. Rf3 g6 19. fxg6 hxg6 20. Raf1 Qg7 21. Rg3
Rf7 22. Qg4 g5 23. Qe6 Rd8 24. Rf5 Kf8 25. Rgf3 Re7 26. Rxf6+ Ke8 27. Qf5 g4 28.
Rf8+ Qxf8 29. Qxf8+ Kd7 30. Qf5+ Kc7 31. Qxg4 b5 32. Qh5 Kb6 33. Rf7 Rxf7 34.
Qxf7 Rc8 35. Qe6 Kc6 36. g4 Kc7 37. g5 Kc6 38. g6 Kc7 39. Qxc8+ Kxc8 40. g7 Kc7
41. g8=N Kc6 42. h4 d5 43. h5 dxe4 44. dxe4 Kc5 45. h6 d3 46. h7 d2 47. h8=Q
d1=Q+ 48. Kf2 Qxc2+ 49. Kf3 Qd3+ 50. Kf2 Qxe4 51. Nf6 Qc2+ 52. Kg3 Qxa2 53. Qf8+
Kd4 54. Qd6+ Kc3 55. b4 Qc4 56. Nd5+ Kb3 57. Qxe5 Qd3+ 58. Kf4 Kc4 59. Qe4+ Qd4
60. Kf3 Qxe4+ 61. Kxe4 Kb3 62. Kd4 Ka4 63. Kc5 Kb3 64. Nc7 1-0

[Event "Challenge"]
[Site "http://www.queenalice.com/game.php?id=1246839"]
[Date "2014.1.10"]
[Round "-"]
[White "shady66"]
[Black "Nefelibatas"]
[Result "0-1"]
[WhiteElo "1769"]
[BlackElo "1477"]

1. c4 d5 2. c5 d4 3. d3 e5 4. b4 b6 5. h3 b5 6. e3 Be7 7. e4 Nf6 8. Be2 c6 9.
Bg5 a5 10. Bd2 axb4 11. Bxb4 Ra4 12. a3 Ra8 13. Bf3 Na6 14. Nd2 Nxc5 15. Nb3 Nb7
16. Qc1 Bxb4+ 17. axb4 Rxa1 18. Qxa1 O-O 19. Ne2 Be6 20. Nc5 Nxc5 21. bxc5 Qe7
22. Qa3 Rb8 23. Qb4 Nd7 24. O-O Qxc5 25. Qxc5 Nxc5 26. Rc1 Nxd3 27. Rxc6 b4 28.
Nc1 Nxc1 29. Rxc1 b3 30. Be2 b2 31. Rb1 Ba2 32. Bd3 Bxb1 33. Bxb1 Rc8 34. Bd3
Rc1+ 35. Kh2 b1=Q 36. Bxb1 Rxb1 0-1

[Event "Challenge"]
[Site "http://www.queenalice.com/game.php?id=1282881"]
[Date "2014.5.20"]
[Round "-"]
[White "VSB"]
[Black "Nefelibatas"]
[Result "0-1"]
[WhiteElo "1188"]
[BlackElo "1540"]

1. e4 e5 2. Nf3 d6 3. g3 Nf6 4. Nc3 Be7 5. d3 Nc6 6. Bd2 Bg4 7. Qe2 Nd4 8. Qd1
Bxf3 9. Be2 Bxh1 10. Nd5 Nxd5 11. exd5 Nxe2 12. Qxe2 Bg2 13. O-O-O Bh3 14. g4
Qd7 15. Rg1 O-O 16. Rg3 Bxg4 17. Rxg4 c6 18. Bh6 Bf6 19. Qf1 Rfe8 20. Qg1 g6 21.
Qg2 c5 22. c4 b5 23. f4 bxc4 24. dxc4 a5 25. f5 Rab8 26. Qh3 e4 27. Bg5 Bxg5+
28. Rxg5 e3 0-1